000 00741cam a2200193 4500
001 WB3736-07
008 010925n2001 000 0 eng u
035 _a(Sirsi) u114811
245 _aIrwin launches UK Business Incubation Directory
260 _c2001
490 _aDTI News Release
_v 20 September 2001, (2)
520 _aThe Small Business Service and UK Business Incubation have published the first UK Business Incubation Directory to provide information on incubation facilities for new businesses. The Directory is available at http://www.ukbi.co.uk
590 _aWB
650 _aSMALL BUSINESSES
650 _aBUSINESS START-UPS
650 _aBUSINESS INCUBATORS
690 _aMANAGEMENT-BUSINESS MANAGEMENT
942 _n0
999 _c68352
_d68352